Duck! Rabbit! / (Record no. 3185)

MARC details
000 -LEADER
fixed length control field 00895cam a2200265 a 4500
005 - DATE AND TIME OF LATEST TRANSACTION
control field 20251202135607.0
020 ## - INTERNATIONAL STANDARD BOOK NUMBER
International Standard Book Number 9780545258296
040 ## - CATALOGING SOURCE
Original cataloging agency DLC
Transcribing agency DLC
Modifying agency DLC
Language of cataloging eng
050 00 - LIBRARY OF CONGRESS CALL NUMBER
Classification number PZ7.R719445
Item number 2009
082 00 - DEWEY DECIMAL CLASSIFICATION NUMBER
Classification number 813.6
100 1# - MAIN ENTRY--PERSONAL NAME
Personal name Rosenthal, Amy Krouse
245 10 - TITLE STATEMENT
Title Duck! Rabbit! /
Statement of responsibility, etc. Rosenthal, Amy Krouse : illustrated by Lichtenheld, Tom
250 ## - EDITION STATEMENT
Edition statement First Scholastic printing , February 2013
260 ## - PUBLICATION, DISTRIBUTION, ETC.
Place of publication, distribution, etc. New York :
Name of publisher, distributor, etc. Scholastic ,
Date of publication, distribution, etc. 2009
300 ## - PHYSICAL DESCRIPTION
Extent 30 unnumbered pages :
Other physical details color illustrations ;
Dimensions 21 cm .
505 ## - FORMATTED CONTENTS NOTE
Formatted contents note F <br/>
520 ## - SUMMARY, ETC.
Summary, etc. Two unseen characters argue about whether the creature they are looking at is a rabbit or a duck.
521 ## - TARGET AUDIENCE NOTE
Target audience note 300 <br/>
Source Lexile <br/>
521 ## - TARGET AUDIENCE NOTE
Target audience note F <br/>
Source Raz-Plus <br/>
650 #1 - SUBJECT ADDED ENTRY--TOPICAL TERM
Topical term or geographic name entry element Animals
Form subdivision Fiction.
700 1# - ADDED ENTRY--PERSONAL NAME
Personal name Lichtenheld, Tom
Relator term illustrator
906 ## - LOCAL DATA ELEMENT F, LDF (RLIN)
a 7
b cbc
c orignew
d 1
e ecip
f 20
g y-gencatlg
942 ## - ADDED ENTRY ELEMENTS (KOHA)
Source of classification or shelving scheme Dewey Decimal Classification
Koha item type Books
Suppress in OPAC No
999 ## -
-- 3185
-- 3185
Holdings
Withdrawn status Lost status Source of classification or shelving scheme Damaged status Not for loan Collection Home library Current library Shelving location Date acquired Total Checkouts Full call number Barcode Date last seen Date last checked out Price effective from Koha item type
    Dewey Decimal Classification     Juvenile Fiction Footprints International School Library Network Toul Tom Poung Campus Footprints International School Library Network Toul Tom Poung Campus TTP Primary Green Bookshelves 12/02/2025 1 ROS 813.6 PZ7.R719445 FISBK01050 12/19/2025 12/01/2025 12/02/2025 Books